000 00702nam a2200229 a 4500
001 000023027
005 20200930021936.0
008 101124s1992 ve r 000 f spa d
020 _a9800105581
040 _aDO-SdBNP
_bspa
_cBNPHU
082 _a891.85
_bK81c, 1992
100 1 _aKolakowski, Leszek,
_d1927-2009
_947375
245 1 0 _aConversaciones con el diablo :
_bocho discursos sobre el mal y dos piezas /
_cLeszek Kolakowski.
250 _a2a ed.
260 _aCaracas :
_bMonte Ávila,
_c1992.
300 _a196, [1] p. ;
_c21 cm.
490 1 _aContinentes
650 4 _aNovela polaca
_99154
650 4 _aLiteratura polaca
_ySIGLO XX
_947376
830 0 _aContinentes
_95341
049 _aBNGR
999 _c22524
_d22524